000
00332nam a22001337a 4500
008
260530b |||||||| |||| 00| 0 eng d
020
_a
9789381275603
082
_a
001957
100
_a
Nagasampige, A V
245
_a
Vishnupanchavartham
260
_a
Bangalore
_b
Poorna Prajna Samshodhan Trust
_c
2022
300
_a
82p
942
_2
ddc
999
_c
1472
_d
1472